000
00282nam a2200109Ia 4500
008
230907s9999||||xx |||||||||||||| ||und||
082
_a
355.0019
_b
MIL
245
0
_a
Military psychology /
260
_a
SAGE,
_b
Los Angeles, Calif. ; | London :
_c
2012
300
_a
4 v. :
942
_c
BK
999
_c
600117
_d
600117